Foreign approaches to the division of matrimonial property / (Record no. 1586)

MARC details
000 -LEADER
fixed length control field 01995cam a2200541 i 4500
001 - CONTROL NUMBER
control field data
005 - DATE AND TIME OF LATEST TRANSACTION
control field 20260322212107.0
006 - FIXED-LENGTH DATA ELEMENTS--ADDITIONAL MATERIAL CHARACTERISTICS
fixed length control field data
007 - PHYSICAL DESCRIPTION FIXED FIELD--GENERAL INFORMATION
fixed length control field data
008 - FIXED-LENGTH DATA ELEMENTS--GENERAL INFORMATION
fixed length control field data
035 ## - SYSTEM CONTROL NUMBER
System control number 21744006
010 ## - LIBRARY OF CONGRESS CONTROL NUMBER
LC control number 2019668738
035 ## - SYSTEM CONTROL NUMBER
System control number (OCoLC)1102670502
Canceled/invalid control number (OCoLC)827226232
040 ## - CATALOGING SOURCE
Original cataloging agency OCLCE
Language of cataloging eng
Description conventions pn
-- pn
Transcribing agency OCLCE
Modifying agency DLC
-- OCLCQ
-- GPO
-- OCLCO
-- DLC
042 ## - AUTHENTICATION CODE
Authentication code pcc
074 ## - GPO ITEM NUMBER
GPO item number 0818-J-06 (online)
082 04 - DEWEY DECIMAL CLASSIFICATION NUMBER
Classification number 346.04
084 ## - OTHER CLASSIFICATION NUMBER
Classification number cci1icc
Number source lacc
084 ## - OTHER CLASSIFICATION NUMBER
Classification number coll1
Number source lacc
086 0# - GOVERNMENT DOCUMENT CLASSIFICATION NUMBER
Classification number LC 42.2:P 94/2
086 0# - GOVERNMENT DOCUMENT CLASSIFICATION NUMBER
Classification number LC 42.20:F 76/4
088 ## - REPORT NUMBER
Report number LRA-P-PUB-000839
097 00 -
-- K690
245 00 - TITLE STATEMENT
Title Foreign approaches to the division of matrimonial property /
Statement of responsibility, etc. prepared by members of the staff.
264 #1 - PRODUCTION, PUBLICATION, DISTRIBUTION, MANUFACTURE, AND COPYRIGHT NOTICE
Place of production, publication, distribution, manufacture Washington, D.C. :
Name of producer, publisher, distributor, manufacturer Library of Congress, Law Library,
Date of production, publication, distribution, manufacture, or copyright notice 1978.
300 ## - PHYSICAL DESCRIPTION
Extent 1 online resource (172 pages).
336 ## - CONTENT TYPE
Content type term text
Content type code txt
Source rdacontent
337 ## - MEDIA TYPE
Media type term computer
Media type code c
Source rdamedia
338 ## - CARRIER TYPE
Carrier type term online resource
Carrier type code cr
Source rdacarrier
490 1# - SERIES STATEMENT
Series statement Law library publications
504 ## - BIBLIOGRAPHY, ETC. NOTE
Bibliography, etc. note Includes bibliographical references.
588 ## - SOURCE OF DESCRIPTION NOTE
Source of description note Description based on online resource; title from PDF title page (Law Library of Congress, viewed August 2, 2021).
650 #0 - SUBJECT ADDED ENTRY--TOPICAL TERM
Topical term or geographic name entry element Marital property.
650 #0 - SUBJECT ADDED ENTRY--TOPICAL TERM
Topical term or geographic name entry element Separate property.
650 #0 - SUBJECT ADDED ENTRY--TOPICAL TERM
Topical term or geographic name entry element Community property.
650 #7 - SUBJECT ADDED ENTRY--TOPICAL TERM
Topical term or geographic name entry element Community property.
Source of heading or term fast
Authority record control number or standard number (OCoLC)fst00871142
650 #7 - SUBJECT ADDED ENTRY--TOPICAL TERM
Topical term or geographic name entry element Marital property.
Source of heading or term fast
Authority record control number or standard number (OCoLC)fst01010075
650 #7 - SUBJECT ADDED ENTRY--TOPICAL TERM
Topical term or geographic name entry element Separate property.
Source of heading or term fast
Authority record control number or standard number (OCoLC)fst01112692
776 08 - ADDITIONAL PHYSICAL FORM ENTRY
Relationship information Print version:
Main entry heading Library of Congress. Law Library.
Title Foreign approaches to the division of matrimonial property
Record control number (OCoLC)4653198
-- (OCoLC)4653198
830 #0 - SERIES ADDED ENTRY--UNIFORM TITLE
Uniform title Law Library publications.
856 40 - ELECTRONIC LOCATION AND ACCESS
Path llglrdppub
Electronic name 2019668738
Uniform Resource Identifier <a href="https://hdl.loc.gov/loc.law/llglrdppub.2019668738">https://hdl.loc.gov/loc.law/llglrdppub.2019668738</a>
856 40 - ELECTRONIC LOCATION AND ACCESS
Uniform Resource Identifier <a href="https://purl.fdlp.gov/GPO/gpo152781">https://purl.fdlp.gov/GPO/gpo152781</a>
906 ## - LOCAL DATA ELEMENT F, LDF (RLIN)
a 0
b ibc
c orignew
d u
e ncip
f 20
g y-gencatlg
985 ## -
-- ll/glrd/ppub
-- batch4
985 ## -
-- llpub
991 ## -
-- s-Online
-- Electronic Resource
Holdings
Withdrawn status Lost status Damaged status Not for loan Home library Current library Shelving location Date acquired Total checkouts Full call number Barcode Date last seen Price effective from Koha item type
        Liberty Liberty General stacks 22/03/2026   346.04 LOC-LPL-00049 22/03/2026 22/03/2026 Books